Mufth mein salah dene waali dadi (Hindi) (Record no. 74970)
[ view plain ]
| 000 -LEADER | |
|---|---|
| fixed length control field | 00405nam a22001337a 4500 |
| 020 ## - INTERNATIONAL STANDARD BOOK NUMBER | |
| ISBN | 978 93 89570 12 0 |
| 082 ## - DEWEY DECIMAL CLASSIFICATION NUMBER | |
| Classification number | 811.214.21 |
| Item number | NIR |
| 100 ## - MAIN ENTRY--AUTHOR NAME | |
| Personal name | KRISHNA, K.B. |
| 245 ## - TITLE STATEMENT | |
| Title | Mufth mein salah dene waali dadi (Hindi) |
| 260 ## - PUBLICATION, DISTRIBUTION, ETC. (IMPRINT) | |
| Place of publication | Hyderabad |
| Name of publisher | Geeta pusthak kendra |
| Year of publication | 2020 |
| 300 ## - PHYSICAL DESCRIPTION | |
| Number of Pages | 80p. |
| 500 ## - GENERAL NOTE | |
| General note | Collection of short stories. Translated from Telugu to Hindi by Smt. Paarnandi Nirmala |
| 942 ## - ADDED ENTRY ELEMENTS (KOHA) | |
| Koha item type | Books |
| Withdrawn status | Lost status | Damaged status | Not for loan | Home library | Current library | Date acquired | Source of acquisition | Full call number | Accession Number | Koha item type |
|---|---|---|---|---|---|---|---|---|---|---|
| RRII Library | RRII Library | 21/03/2023 | Complementary copy from Hindi section, HO, Kottayam | 811.214.21 NIR | G01686 | Books |